02927 a2200397 45000010006000000050017000060080041000230030015000640400040000790800040001192450061001590200022002202640033002423000027002755051661003020410008019631000026019717000023019977000026020207000030020467000027020767000032021037000021021357000022021567000020021787000022021987000023022207000027022437000021022707000026022917000033023177000028023507000023023787000033024018560095024345701420260407155833.0260407a2021 arg spa dAR-UNSa-BCEJYS aAR-UNSa-BCEJYSbspacAR-UNSa-BCEJYS a347.56xResponsabilidad profesional10aResponsabilidad del profesional en ciencias económicas a978-987-03-4155-0 1aBuenos Aires :bLa Leyc2021 axxxiii, 594 p.c24 cm. a1. La responsabilidad ética del profesional en Ciencias Económicas – 2. Responsabilidad social en relación con las Ciencias Económicas y la ética profesional – 3. La incumbencia del contador público con relación a la preparación de estados contables en la República Argentina – 4. Responsabilidad del contador público como auditor externo o sindico societario – 5. La responsabilidad del asesor fiscal – 6. La responsabilidad del contador en el sector público – 7. Responsabilidad del síndico en los concursos preventivos y las quiebras – 8. La responsabilidad del profesional de Ciencias Económicas en las tareas de tercerización – 9. La responsabilidad administrativa del profesional en Ciencias Económicas en el cumplimiento de las regulaciones en materia de prevención del lavado de activos y del financiamiento del terrorismo – 10. Responsabilidad civil del profesional contador – 11. Régimen penal tributario: responsabilidad de los profesionales en ciencias económicas – 12. Análisis de la autoría y participación en la hipótesis de responsabilidad penal de los contadores – 13. Responsabilidad de los profesionales en ciencias económicas en relación con los delitos de fraude, cohecho, abuso de autoridad e incumplimiento de los deberes de funcionario público – 14. Posverdades típicas y responsabilidad penal. Documentos e informes contables apócrifos y reticentes. Art. 300, inc. 2°, del código penal – 15. La denuncia obligatoria para escribanos y contadores en el nuevo código procesal penal federal – 16. El contador frente al delito de lavado de dinero  aspa1 aBertazza, Humberto J.1 aBobbio, Gustavo H.1 aCasanovas, Marcelo A.1 aCasinelli, Hernán Pablo1 aCurá, José María1 aD´Albora, Francisco J. (h)1 aDuro, César S.1 aEscandell, José1 aFrick, Pablo D.1 aJaime, Rodrigo E.1 aMarconi, Ana Clara1 aMastandrea, Alberto F.1 aNercellas, Marta1 aRobiglio, Carolina L.1 aSantesteban Hunter, Jorge H.1 aSemachowicz, Esteban D.1 aSerpa, José Luis1 aTrídico, Sofía del Valle41uhttps://biblioeco.unsa.edu.ar/pmb/images/libros/L128661.jpgyImagen de portadaqimage/jpeg